000 00625nam a22001817a 4500
999 _c61099
_d61099
005 20231219150857.0
008 231219s1985 ru ||||| |||| 00| 0 rus d
041 _arus
080 _a902.6 Д-73
100 _aДьяконов, И.М.
_915414
245 _aДревняя Эбла :
_b(Раскопки в Сирии) /
_cИ.М. Дьяконов.
264 _a М.:
_b«Прогресс»
_c1985.
300 _a368 с.;
_b21 см.
653 _aუძველესი ებლა
653 _aარქეოლოგია
653 _aგათხრები სირიაში
942 _2udc
_cᲬᲘᲒᲜᲘ